• 首页
  • 本馆介绍
  • 公告通知
  • 最新文献
  • 馆藏检索
  • 电子资源
  • 读者导购
  • 参考咨询
  • 我的图书馆
  • 登录
  • 详细信息显示
  • 放入我的书架
  • 预约/预借图书
  • 作者相关作品
  • 分类相关作品
  • 丛书相关作品
  • 出版社相关作品

书目信息

  • 表格格式
  • 工作单格式
  • 卡片格式
题名:
国外工业现代化概况
    
 
作者: ;生活·读书·新知三联书店 编辑
分册:  
出版信息: 北京   生活·读书·新知三联书店  1979
页数: 518页
开本: 20cm
丛书名:
单 册:
中图分类: F41
科图分类:
主题词: 工业现代化--外国 , 工业经济--世界
电子资源:
ISBN:
000 00802nam0 2200253 45
001 0179003777
005 20060911151149.54
010    @dCNY1.40
091    @aCN@b4002.283
100    @a19960117d1979 em y0chiy0121 ea
101 0  @achi
102    @aCN@b110000
102    @aCN@b110000
105    @ay z 000yy
200 10 @a国外工业现代化概况@Aguo wai gong ye xian dai hua gai kuang@f生活·读书·新知三联书店编辑@Fsheng huo·du shu·xin zhi san lian shu dian bian ji
205    @a2版(修订本)
210    @a北京@c生活·读书·新知三联书店@d1979
215    @a518页@d20cm
606    @a工业现代化@y外国
606 0  @a工业经济@x世界
690    @aF41@v3
711 02 @a生活·读书·新知三联书店@Asheng huo·du shu·xin zhi san lian shu dian@4编辑
801  0 @aCN@bTSSF@c20060911
905    @a10447@dF41@e3
    
    国外工业现代化概况/生活·读书·新知三联书店编辑.-2版(修订本).-北京:生活·读书·新知三联书店,1979
    518页;20cm
    
    
    ISBN :CNY1.40
    
●
相关链接 在E读中查询图书 在五车中查询图书 在当当中查询图书 在豆瓣中查询图书


正题名:国外工业现代化概况     索取号:F41/3         预约/预借

序号 登录号 条形码 馆藏地/架位号 状态 备注
1 0030785   202290056   密集书库/ [索取号:F41/3] 在馆    
2 0440395   204403957   密集书库/ [索取号:F41/3] 在馆    
3 0440396   204403966   密集书库/ [索取号:F41/3] 在馆    
4 0440397   204403975   密集书库/ [索取号:F41/3] 在馆    
5 0448546   204485468   密集书库/ [索取号:F41/3] 在馆    
6 0451708   204517086   密集书库/ [索取号:F41/3] 在馆    
7 0470560   204705603   密集书库/ [索取号:F41/3] 在馆    
唐山师范学院图书馆 欢迎您!
大连网信软件有限公司© 版权所有